ر ا سخ عظيم آ با د ی کی شا عر ی ميں تصو ف کے عنا صر (Record no. 166689)
[ view plain ]
| 000 -LEADER | |
|---|---|
| fixed length control field | 00733nam a22001937a 4500 |
| 005 - DATE AND TIME OF LATEST TRANSACTION | |
| control field | 20190805113623.0 |
| 010 ## - LCCN (DPL NO) | |
| LC control number | UR-10339 |
| 020 ## - INTERNATIONAL STANDARD BOOK NUMBER | |
| Terms of availability | 150.00 |
| International Standard Book Number | 9789388356251 |
| 035 ## - SYSTEM CONTROL NUMBER | |
| System control number | U-8894 |
| 037 ## - SOURCE OF ACQUISITION | |
| Source of stock number/acquisition | DBAD/PUB |
| 082 ## - DEWEY DECIMAL CLASSIFICATION NUMBER | |
| Classification number | 841.08 |
| 100 ## - MAIN ENTRY--PERSONAL NAME | |
| Personal name | فر ز ا نہ بيگم |
| 245 ## - TITLE STATEMENT | |
| Title | ر ا سخ عظيم آ با د ی کی شا عر ی ميں تصو ف کے عنا صر |
| Statement of responsibility, etc | فر ز ا نہ بيگم |
| 246 ## - VARYING FORM OF TITLE | |
| Remainder of title | Rasikh Azimabadi ki Shaeri Mein Tasawwuf Ke Anasir (Urdu) |
| Title proper/short title | by Farzana Begum |
| 260 ## - PUBLICATION, DISTRIBUTION, ETC. (IMPRINT) | |
| Place of publication, distribution, etc | Delhi |
| Name of publisher, distributor, etc | Educational Publishing House |
| Date of publication, distribution, etc | 2018 ء |
| 270 ## - ADDRESS | |
| Address | 3191,Vakil Sreet Kucha Pandit Lal Kuan |
| City | Delhi |
| Postal code | 110006 |
| Telephone number | 23216162 |
| Fax number | - |
| 300 ## - PHYSICAL DESCRIPTION | |
| Extent | 112+8 ص |
| Dimensions | 22 Cm(Hb) |
| 942 ## - ADDED ENTRY ELEMENTS (KOHA) | |
| Source of classification or shelving scheme | Dewey Decimal Classification |
| Item type | Urdu Bks |
| Classification part | 841.08 |
| Call number suffix | ف ر ز |
| Withdrawn status | Lost status | Not for loan | Collection code | Home library | Current library | Date acquired | Source of acquisition | Cost, normal purchase price | Full call number | Barcode | Copy number | Cost, replacement price | Koha item type |
|---|---|---|---|---|---|---|---|---|---|---|---|---|---|
| Not For Loan | Non-fiction | D.B.Act.Division | D.B.Act.Division | 05/08/2019 | DBAD/PUB | 150.00 | 841.08 ف ر ز | U-8894 | 1 | 150.00 | Urdu Bks |
